000
00256nam a2200085Ia 4500
008
170620s9999 xx 000 0 und d
100
_a
Mallick- Mihir Kumar
245
0
_a
Talented Children- Identification and education
260
_b
New Delhi- Discovery Publishing House
260
_c
2003
999
_c
24544
_d
24544